Przewodnik grzyboznawczy /

Gespeichert in:
Bibliographische Detailangaben
1. Verfasser: Lisiewska, Maria (1934- )
Weitere Verfasser: Szmid, Marian
Format: Buch
Sprache:Polnisch
Veröffentlicht: Warszawa : Państ. Wydaw. Rolnicze i Leśne, 1980 dr. ukończ. 1979
Ausgabe:Wyd. 2 zm.
Schlagworte:
Tags: Tag hinzufügen
Keine Tags, Fügen Sie das erste Tag hinzu!

MARC

LEADER 00000nam a2200000 i 4500
001 991013229759705066
005 20260515140229.0
008 000320s1980 pl a |001 0 pol
020 |a 8309001843 
035 |a 991013229759705066 
035 |a (PL-WaBN)b13568565-48omnis_nlop 
035 |a b13568565 
035 |a (OCoLC)830945286 
035 |a zz2004869149 
035 |a (PL)b0000001356856 
035 |a (EXLNZ-48OMNIS_NETWORK)9910333403105606 
040 |a WA N  |c WA N  |d WA N 
041 0 |a pol 
080 |a 635.8:582.2/.3]438) 
090 |c 140  |d 139 
100 1 |a Lisiewska, Maria  |d (1934- ) 
245 1 0 |a Przewodnik grzyboznawczy /  |c Maria Lisiewska, Marian Szmid. 
250 |a Wyd. 2 zm. 
260 |a Warszawa :  |b Państ. Wydaw. Rolnicze i Leśne,  |c 1980 dr. ukończ. 1979  |e (Krak :  |f DNar). 
300 |a 149, [3] s., [4] k. tabl. :  |b il., tab. ;  |c 17 cm. 
504 |a Bibliogr. s. 145-146. - Indeksy. 
650 7 |a Grzyby 
651 7 |a Polska 
700 1 |a Szmid, Marian 
920 |a 83-09-00184-3 25 zł 
942 |c K 
952 |0 0  |1 0  |4 0  |6 R__99_000000000000000  |7 0  |9 131  |a RYT  |b RYT  |d 2026-05-13  |e 1/2014  |g 25.00  |l 0  |o R.99  |p 2000000000992  |r 2026-05-15 14:02:29  |w 2026-05-15  |y BK  |z da 
999 |c 131  |d 131